MARC details
| 000 -CABECERA |
| campo de control de longitud fija |
02008nam a2200289 i 4500 |
| 001 - NÚMERO DE CONTROL |
| campo de control |
000028638 |
| 003 - IDENTIFICADOR DEL NÚMERO DE CONTROL |
| campo de control |
DO-SdBNP |
| 005 - FECHA Y HORA DE LA ÚLTIMA TRANSACCIÓN |
| campo de control |
20251113092030.0 |
| 007 - CAMPO FIJO DE DESCRIPCIÓN FÍSICA--INFORMACIÓN GENERAL |
| campo de control de longitud fija |
ta |
| 008 - DATOS DE LONGITUD FIJA--INFORMACIÓN GENERAL |
| campo de control de longitud fija |
110411s2005 dr ao 000 0 spa d |
| 040 ## - FUENTE DE LA CATALOGACIÓN |
| Centro catalogador/agencia de origen |
DO-SdBNP |
| Lengua de catalogación |
spa |
| Centro/agencia transcriptor |
BNPHU |
| Normas de descripción |
rda |
| 041 ## - CÓDIGO DE LENGUA |
| Código de lengua del texto/banda sonora o título independiente |
spa |
| 082 #4 - NÚMERO DE LA CLASIFICACIÓN DECIMAL DEWEY |
| Número de clasificación |
378.7293 |
| Número de documento/Ítem |
M778b |
| Número de edición |
22 |
| 100 1# - ENTRADA PRINCIPAL--NOMBRE DE PERSONA |
| Nombre de persona |
Montero Morales, Aida E |
| Término indicativo de función/relación |
autora |
| Código de función/relación |
aut. |
| 9 (RLIN) |
55592 |
| 245 10 - MENCIÓN DE TÍTULO |
| Título |
Memorias de una visión hecha realidad (1996-2005) : |
| Resto del título |
...más que una biblioteca, un centro de recursos para el aprendizaje y la investigación / |
| Mención de responsabilidad, etc. |
Aida E. Montero Morales. |
| 264 #1 - PRODUCCIÓN, PUBLICACIÓN, DISTRIBUCIÓN, FABRICACIÓN Y COPYRIGHT |
| Producción, publicación, distribución, fabricación y copyright |
Santo Domingo : |
| Nombre del de productor, editor, distribuidor, fabricante |
Secretaría de Estado de Obras Públicas y Comunicaciones, |
| -- |
Cosmopolitan World, |
| -- |
M&T Soluciones Documentales, |
| Fecha de producción, publicación, distribución, fabricación o copyright |
2005. |
| 300 ## - DESCRIPCIÓN FÍSICA |
| Extensión |
xxiv, 152 páginas : |
| Otras características físicas |
ilustraciones, fotografías ; |
| Dimensiones |
25 cm. |
| 336 ## - TIPO DE CONTENIDO |
| Término de tipo de contenido |
texto |
| Código de tipo de contenido |
txt |
| Fuente |
rdacontent |
| 337 ## - TIPO DE MEDIO |
| Nombre/término del tipo de medio |
sin mediación |
| Código del tipo de medio |
n |
| Fuente |
rdamedia |
| 338 ## - TIPO DE SOPORTE |
| Nombre/término del tipo de soporte |
volumen |
| Código del tipo de soporte |
nc |
| Fuente |
rdacarrier |
| 500 ## - NOTA GENERAL |
| Nota general |
A la cabeza del título Universidad Autónoma de Santo Domingo, Biblioteca Central de la UASD |
| 520 ## - SUMARIO, ETC. |
| Sumario, etc. |
Narra la historia de la construcción y desarrollo de la Biblioteca Central de la UASD, también conocida como Biblioteca Pedro Mir. Se enfoca en cómo se materializó la visión de convertirla en un centro de recursos para el aprendizaje y la investigación, más allá de ser simplemente una biblioteca. El libro detalla las diferentes etapas de la construcción, desde la gestión inicial hasta la puesta en funcionamiento del centro. <br/>El libro, publicado por la Secretaría de Estado de Obras Públicas y Comunicaciones (SEOPC), describe la evolución de la biblioteca, incluyendo detalles sobre la instalación de pisos, escaleras, sistemas de aire acondicionado, áreas de servicio y otras zonas esenciales para su funcionamiento. La obra también incluye fotografías y planos que ilustran el proceso |
| 590 ## - NOTA LOCAL (RLIN) |
| Nota local |
Inventariado, 2022/BT |
| 650 #0 - PUNTO DE ACCESO ADICIONAL DE MATERIA--TÉRMINO DE MATERIA |
| Término de materia o nombre geográfico como elemento de entrada |
Bibliotecas académicas |
| Subdivisión geográfica |
República Dominicana |
| 9 (RLIN) |
48382 |
| 910 ## - DATOS DE OPCIÓN DEL USUARIO (OCLC) |
| Datos de opción del usuario |
Validado. Control de calidad/MAA |
| 942 ## - ELEMENTOS DE PUNTO DE ACCESO ADICIONAL (KOHA) |
| Fuente del sistema de clasificación o colocación |
Dewey Decimal Classification |
| Tipo de ítem Koha |
Libro |